000 00287nam a22001337a 4500
008 171005b xxu||||| |||| 00| 0 eng d
020 _a0025433504
041 _aeng
080 _a159.9
100 _a49
101 _aPSI
245 _aBETWEEN TEENAGER
_cGINOTT/H/G
942 _2udc
_cBK
999 _c31987
_d31987